Multicategory A to Z Blitz IV Quiz Stats

 Plays Quiz Updated Jan 2, 2015

Challenge
Share
Tweet
Embed
Score 0/32 Timer 04:00
5 Plays Today
% Correct
US States on the East Coast
100%
Full Members of the Arab League
99.9%
12 Greek Olympian Gods
99.9%
First names of the 6 Friends on 'Friends'
99.9%
Video Game Consoles that Sold Over 10 Million Units
99.9%
Original Teams Never Relegated from the Premier League
99.9%
Manchester United...
95%
Rhode Island...
91.7%
North Carolina...
90.9%
Phoebe...
90.6%
Chelsea...
90.3%
Zeus
86.3%
Saudi Arabia...
85.2%
Joey...
84.7%
Atari 2600...
84%
Florida
81%
% Correct
Georgia...
79.6%
Djibouti...
75.1%
Xbox 360...
74.1%
Hera...
67.5%
Qatar
64.9%
Virginia
64.5%
Yemen
62.6%
Oman
61.7%
Libya...
59.2%
Iraq
57.7%
Everton...
52.9%
Wii
48.3%
United Arab Emirates
47.6%
Kuwait
43.2%
Tunisia...
35.3%
Bahrain
35.3%

You're not logged in!

Compare scores with friends on all Sporcle quizzes.
Join for Free
OR
Log In

You Might Also Like...

Show Comments

Extras

Top Quizzes Today


Score Distribution

Your Account Isn't Verified!

In order to create a playlist on Sporcle, you need to verify the email address you used during registration. Go to your Sporcle Settings to finish the process.

Report this User

Report this user for behavior that violates our Community Guidelines.

Details: